大阪府の集配郵便局 - Statistics

General Stats
  • This quiz has been taken 8 times
  • The average score is 46 of 68
Answer Stats
Answer % Correct
池田
100%
泉大津
100%
泉佐野
100%
天王寺
100%
門真
100%
岸和田
100%
吹田
100%
大東
100%
豊中
100%
富田林
100%
枚方
100%
守口
100%
和泉
86%
茨木
86%
大阪狭山
86%
此花
86%
住之江
86%
住吉
86%
西淀川
86%
東住吉
86%
東淀川
86%
淀川
86%
交野
86%
河内長野
86%
86%
四條畷
86%
摂津
86%
高槻
86%
寝屋川
86%
阪南
86%
布施
86%
河内
86%
箕面
86%
八尾
86%
阿倍野
71%
大阪北
71%
大正
71%
大阪南
71%
大阪西
71%
西成
71%
平野
71%
貝塚
71%
泉南
71%
枚岡
71%
藤井寺
71%
松原
71%
生野
57%
大阪東
57%
東成
57%
大阪港
57%
都島
57%
柏原
57%
新大阪
43%
浪速
43%
大阪旭
29%
堺中
29%
29%
泉北
29%
美原
29%
高槻北
29%
大阪城東
14%
堺金岡
14%
大阪国際
14%
枚方北
14%
枚方東
14%
吹田千里
0%
浜寺
0%
豊中南
0%
No matching quizzes found
Score Distribution
Percent of People with Each Score
Percentile by Number Answered
Your Score History
You have not taken this quiz